<?xml version="1.0" encoding="UTF-8"?>
<record
    xmlns:xsi="http://www.w3.org/2001/XMLSchema-instance"
    xsi:schemaLocation="http://www.loc.gov/MARC21/slim http://www.loc.gov/standards/marcxml/schema/MARC21slim.xsd"
    xmlns="http://www.loc.gov/MARC21/slim">

  <leader>01126nam0a22002891  4500</leader>
  <controlfield tag="001">rc\4115322</controlfield>
  <controlfield tag="005">20260407071501.0</controlfield>
  <datafield tag="021" ind1=" " ind2=" ">
    <subfield code="a">RU</subfield>
    <subfield code="b">[56-42812]</subfield>
  </datafield>
  <datafield tag="035" ind1=" " ind2=" ">
    <subfield code="a">(NLR Aleph) 008148452</subfield>
  </datafield>
  <datafield tag="090" ind1=" " ind2=" ">
    <subfield code="a">7773927</subfield>
    <subfield code="c">7773927</subfield>
  </datafield>
  <datafield tag="100" ind1=" " ind2=" ">
    <subfield code="a">20130415d1956    |||y0rusy50      ca</subfield>
  </datafield>
  <datafield tag="101" ind1="1" ind2=" ">
    <subfield code="a">rus</subfield>
    <subfield code="c">ukr</subfield>
  </datafield>
  <datafield tag="102" ind1=" " ind2=" ">
    <subfield code="a">RU</subfield>
  </datafield>
  <datafield tag="105" ind1=" " ind2=" ">
    <subfield code="a">a   z   |||a|</subfield>
  </datafield>
  <datafield tag="200" ind1="1" ind2=" ">
    <subfield code="a">&#x411;&#x43E;&#x440;&#x438;&#x441;&#x43B;&#x430;&#x432; &#x441;&#x43C;&#x435;&#x435;&#x442;&#x441;&#x44F;</subfield>
    <subfield code="e">&#x41F;&#x43E;&#x432;&#x435;&#x441;&#x442;&#x44C;</subfield>
    <subfield code="f">[&#x41F;&#x435;&#x440;. &#x415;. &#x41C;&#x43E;&#x437;&#x43E;&#x43B;&#x44C;&#x43A;&#x43E;&#x432;&#x430;]</subfield>
    <subfield code="g">&#x418;&#x43B;.: &#x410;. &#x421;&#x430;&#x444;&#x43E;&#x43D;&#x43E;&#x432;]</subfield>
  </datafield>
  <datafield tag="210" ind1=" " ind2=" ">
    <subfield code="a">&#x421;&#x43C;&#x43E;&#x43B;&#x435;&#x43D;&#x441;&#x43A;</subfield>
    <subfield code="c">&#x41A;&#x43D;. &#x438;&#x437;&#x434;-&#x432;&#x43E;</subfield>
    <subfield code="d">1956</subfield>
  </datafield>
  <datafield tag="215" ind1=" " ind2=" ">
    <subfield code="a">251 &#x441;.</subfield>
    <subfield code="c">&#x438;&#x43B;.</subfield>
    <subfield code="d">21</subfield>
  </datafield>
  <datafield tag="606" ind1=" " ind2=" ">
    <subfield code="a">&#x420;&#x430;&#x431;&#x43E;&#x447;&#x435;&#x435; &#x434;&#x432;&#x438;&#x436;&#x435;&#x43D;&#x438;&#x435; &#x432; &#x417;&#x430;&#x43F;&#x430;&#x434;&#x43D;&#x43E;&#x439; &#x423;&#x43A;&#x440;&#x430;&#x438;&#x43D;&#x435;</subfield>
    <subfield code="z">19 &#x432;. (&#x445;. &#x43B;.)</subfield>
    <subfield code="2">psbo</subfield>
  </datafield>
  <datafield tag="606" ind1=" " ind2=" ">
    <subfield code="a">&#x41D;&#x435;&#x444;&#x442;&#x44F;&#x43D;&#x438;&#x43A;&#x438; &#x432; &#x417;&#x430;&#x43F;&#x430;&#x434;&#x43D;&#x43E;&#x439; &#x423;&#x43A;&#x440;&#x430;&#x438;&#x43D;&#x435;</subfield>
    <subfield code="z">19 &#x432;. (&#x445;. &#x43B;.)</subfield>
    <subfield code="2">psbo</subfield>
  </datafield>
  <datafield tag="700" ind1=" " ind2="1">
    <subfield code="a">&#x424;&#x440;&#x430;&#x43D;&#x43A;&#x43E;</subfield>
    <subfield code="b">&#x418;.&#x42F;.</subfield>
    <subfield code="f">1856-1916</subfield>
    <subfield code="g">&#x418;&#x432;&#x430;&#x43D; &#x42F;&#x43A;&#x43E;&#x432;&#x43B;&#x435;&#x432;&#x438;&#x447;</subfield>
  </datafield>
  <datafield tag="702" ind1=" " ind2="1">
    <subfield code="4">730</subfield>
    <subfield code="7">ca</subfield>
    <subfield code="8">rus</subfield>
    <subfield code="a">&#x41C;&#x43E;&#x437;&#x43E;&#x43B;&#x44C;&#x43A;&#x43E;&#x432;</subfield>
    <subfield code="b">&#x415;. &#x421;.</subfield>
    <subfield code="f">1909-1969</subfield>
    <subfield code="g">&#x415;&#x432;&#x433;&#x435;&#x43D;&#x438;&#x439; &#x421;&#x435;&#x43C;&#x451;&#x43D;&#x43E;&#x432;&#x438;&#x447;</subfield>
    <subfield code="3">RU\NLR\AUTH\770278784</subfield>
    <subfield code="9">2650751</subfield>
  </datafield>
  <datafield tag="702" ind1=" " ind2="1">
    <subfield code="a">&#x421;&#x430;&#x444;&#x43E;&#x43D;&#x43E;&#x432;</subfield>
    <subfield code="b">&#x410;.</subfield>
    <subfield code="4">440</subfield>
  </datafield>
  <datafield tag="801" ind1=" " ind2="0">
    <subfield code="a">RU</subfield>
    <subfield code="b">NLR</subfield>
    <subfield code="g">psbo</subfield>
  </datafield>
  <datafield tag="801" ind1=" " ind2="1">
    <subfield code="a">RU</subfield>
    <subfield code="b">ELAR</subfield>
    <subfield code="2">rusmarc</subfield>
  </datafield>
  <datafield tag="852" ind1=" " ind2=" ">
    <subfield code="a">NLR</subfield>
    <subfield code="j">&#x41B;40 &#x413;-3/1879</subfield>
  </datafield>
  <datafield tag="942" ind1=" " ind2=" ">
    <subfield code="c">BOOK</subfield>
  </datafield>
  <datafield tag="980" ind1=" " ind2=" ">
    <subfield code="a">NB</subfield>
  </datafield>
  <datafield tag="995" ind1=" " ind2=" ">
    <subfield code="5">2013-10-26</subfield>
    <subfield code="b">NLR02</subfield>
    <subfield code="c">NLR02</subfield>
    <subfield code="e">RFS</subfield>
    <subfield code="f">8148452-10</subfield>
    <subfield code="k">&#x41B;40 &#x413;-3/1879</subfield>
    <subfield code="o">0</subfield>
    <subfield code="r">BOOK</subfield>
    <subfield code="s">40_31879</subfield>
  </datafield>
</record>
